| 000 | 01687nam a2200397 a 4500 | ||
|---|---|---|---|
| 001 | ebr5004434 | ||
| 003 | CaPaEBR | ||
| 006 | m u | ||
| 007 | cr cn||||||||| | ||
| 008 | 950403s1995 ctu sb 001 0 eng | ||
| 010 | _z 95016019 | ||
| 020 | _z0313296936 (alk. paper) | ||
| 040 |
_aCaPaEBR _cCaPaEBR |
||
| 035 | _a(OCoLC)50096043 | ||
| 050 | 1 | 4 |
_aPN56.C63 _bP67 1995eb |
| 082 | 0 | 4 |
_a809/.93358 _220 |
| 245 | 0 | 0 |
_aPostcolonial discourse and changing cultural contexts _h[electronic resource] : _btheory and criticism / _cedited by Gita Rajan and Radhika Mohanram. |
| 260 |
_aWestport, Conn. : _bGreenwood Press, _c1995. |
||
| 300 | _avi, 232 p. | ||
| 490 | 1 |
_aContributions to the study of world literature, _x0738-9345 ; _vno. 64 |
|
| 504 | _aIncludes bibliographical references (p. [219]-222) and index. | ||
| 533 |
_aElectronic reproduction. _bPalo Alto, Calif. : _cebrary, _d2013. _nAvailable via World Wide Web. _nAccess may be limited to ebrary affiliated libraries. |
||
| 650 | 0 | _aColonies in literature. | |
| 650 | 0 | _aLiterature and anthropology. | |
| 650 | 0 | _aDecolonization in literature. | |
| 650 | 0 | _aImperialism in literature. | |
| 650 | 0 | _aPostcolonialism. | |
| 650 | 0 |
_aLiterature, Modern _xHistory and criticism _xTheory, etc. |
|
| 651 | 0 |
_aDeveloping countries _vLiteratures _xHistory and criticism. |
|
| 655 | 7 |
_aElectronic books. _2local |
|
| 700 | 0 |
_aGita Rajan, _d1952- |
|
| 700 | 1 | _aMohanram, Radhika. | |
| 710 | 2 | _aebrary, Inc. | |
| 830 | 0 |
_aContributions to the study of world literature ; _vno. 64. |
|
| 856 | 4 | 0 |
_uhttp://site.ebrary.com/lib/rucke/Doc?id=5004434 _zAn electronic book accessible through the World Wide Web; click to view |
| 999 |
_c773 _d773 |
||